100 Biggest Cities of the USA on a Map - Statistics

General Stats
  • This quiz has been taken 2,014 times
  • The average score is 63 of 100
Answers on the Map
Answers color-coded by a green-red scale on the quiz's map according to % correct below.
 
Answer Stats
Population City % Correct
3,878,704 Los Angeles
98%
8,478,072 New York City
97%
2,721,308 Chicago
95%
678,922 Las Vegas
95%
487,014 Miami
95%
827,526 San Francisco
95%
780,995 Seattle
95%
2,390,125 Houston
94%
1,326,087 Dallas
93%
673,458 Boston
92%
1,673,164 Phoenix
91%
635,749 Portland
91%
520,070 Atlanta
90%
729,019 Denver
90%
645,705 Detroit
90%
1,404,452 San Diego
90%
702,250 Washington
90%
1,573,916 Philadelphia
89%
993,588 Austin
88%
891,484 Indianapolis
88%
362,701 New Orleans
88%
712,919 Oklahoma City
86%
516,032 Kansas City
85%
535,798 Sacramento
85%
428,579 Minneapolis
84%
704,963 Nashville
84%
334,854 Orlando
84%
1,526,656 San Antonio
84%
1,009,833 Jacksonville
83%
414,547 Tampa
83%
933,263 Columbus
82%
681,723 El Paso
81%
943,476 Charlotte
80%
560,326 Albuquerque
79%
568,271 Baltimore
79%
365,379 Cleveland
79%
610,919 Memphis
79%
563,531 Milwaukee
79%
997,368 San Jose
77%
276,617 Buffalo
76%
279,695 St. Louis
76%
1,008,106 Fort Worth
75%
314,915 Cincinnati
74%
307,668 Pittsburgh
74%
237,963 Boise
73%
344,967 Honolulu
72%
640,796 Louisville
69%
554,013 Tucson
68%
489,265 Omaha
67%
499,825 Raleigh
67%
493,554 Colorado Springs
66%
443,554 Oakland
65%
289,600 Anchorage
64%
550,105 Fresno
62%
281,714 Reno
62%
233,655 Richmond
62%
307,465 St. Paul
62%
415,154 Tulsa
62%
454,808 Virginia Beach
60%
300,619 Lincoln
55%
285,300 Madison
55%
317,303 Newark
55%
400,991 Wichita
55%
302,824 Jersey City
51%
317,317 Corpus Christi
50%
450,901 Long Beach
50%
251,820 | 403,672 Arlington
49%
417,468 Bakersfield
49%
265,638 Toledo
49%
344,561 Anaheim
46%
517,151 Mesa
45%
267,102 St. Petersburg
45%
329,437 Lexington
43%
307,381 Greensboro
41%
294,034 North Las Vegas
39%
301,870 Durham
38%
273,203 Fort Wayne
38%
403,130 Aurora
37%
272,086 Lubbock
37%
323,757 Riverside
35%
350,039 Henderson
34%
255,769 Winston-Salem
34%
324,975 Stockton
33%
316,184 Santa Ana
31%
261,260 Laredo
30%
258,143 Glendale
29%
246,170 Scottsdale
29%
318,683 Irvine
28%
278,546 Chula Vista
26%
293,286 Plano
26%
254,997 Chesapeake
25%
258,060 Irving
23%
281,231 Chandler
22%
258,575 Port St. Lucie
21%
288,790 Gilbert
20%
235,388 Hialeah
20%
250,431 Garland
19%
235,208 Frisco
18%
250,490 Enterprise
10%
No matching quizzes found
Score Distribution
Percent of People with Each Score
Percentile by Number Answered
Your Score History
You have not taken this quiz